Países Campeones de Pádel de cada año (Categoría Femenina) - Estadísticas

Estadísticas generales
  • Esta prueba ha sido intentada 14 veces
  • La puntuación promedio es 11 de 17
Estadísticas de respuestas
Años Países % Correcto
1992 Argentina
92%
1994 Argentina
83%
1996 Argentina
75%
2002 Argentina
75%
2004 Argentina
75%
2006 Argentina
75%
2008 Argentina
75%
2012 Argentina
67%
1998 España
67%
2000 España
67%
2010 España
67%
2016 España
58%
2024 España
58%
2014 España
50%
2018 España
50%
2021 España
50%
2022 España
50%
No se encontraron pruebas coincidentes
Distribución de puntuación
Porcentaje de gente con cada puntuación
Porcentaje por número respondido
Historial de tus puntuaciones
No has intentado esta prueba.